000 00276nam a22001097a 4500
008 240715b |||||||| |||| 00| 0 eng d
100 _aTrwidi, Shohanlal
_917072
245 _aGandhi Satdab
260 _aNew Delhi:
_bGovernment of India;
_c1969.
300 _a394p.
942 _cBK
999 _c40403
_d40403